000 01013nas a2200313 4500
001 BR0201056
003 BR-BrBNA
005 20231205102758.0
007 ta
008 230509b bl.|||p| |||| 00| 00por d
040 _aBR-BrBNA
_bpor
_cBiblioteca Nacional de Agricultura
041 _a(Pt)
072 _aL72; L70
100 1 _aMarchiori, C.H.
100 1 _aTeixeira, F.F.
100 1 _aSilva, C.G. da
100 1 _aVieira, C.I. da S.
100 1 _aPenteado-Dias, A.M.
245 1 _aMuscidifurax raptor Girault Sanders, 1910 e Pachycrepoideus vindemiae Rondani, 1875 (Hymenoptera: Pteromalidae)em pupas de Sarcophagula occidua Fabricius, 1794: Sarcophagidae)em fezes bovinas no Brasil
650 _aBovino
650 _aFezes
650 _aInseto
650 _aHimenoptero
650 _aPupa
650 _aCurral
773 0 _tCiência Rural (Brazil)
_xISSN 0103-8478
_g(Nov-Dec 2001), v. 31(6) p. 1073-1074
_wBR0201056
909 _a202311
_bLúcia
_c55
_dLúcia Elande
942 _2AGRIS
_n0
_cANA
999 _c169287
_d169287